Statistiques concernant Pays qui ont changé de nom récemment

Cliquez ici pour prendre le quiz!

Statistiques générales

  • Ce quiz a été pris 101 fois
  • Le résultat moyen est 6 sur 11

Statistiques - réponses

Date de changementNom actuelAncien nom% Correct
1989MyanmarBirmanie
86%
1935IranPerse
82%
2018EswatiniSwaziland
76%
1997
République Démocratique
du Congo
Zaïre
74%
1939ThaïlandeSiam
64%
1972Sri lankaCeylan
55%
1971BangladeshPakistan oriental
52%
1980ZimbabweRhodésie du sud
46%
1984Burkina FasoHaute volta
45%
1975BéninDahomey
26%
1981BelizeHonduras britannique
23%

Distribution des résultats

Percentile par nombre de réponses

% des personnes avec chaque résultat

Votre développement - résultats

Vous n’avez pas pris ce quiz